Science Quiz

Random Science or Clickable Quiz

Science Groups Grab Bag Quiz Stats

 Plays Quiz Updated Jun 24, 2016

Score 0/61 Timer 06:00
25 Plays Today
% Correct
Gas
98.3%
Liquid
98.3%
Solid
98.2%
Neutron
98.1%
Proton
97.9%
Electron
97.4%
Inner Core
97.1%
Outer Core
97%
Crust
96.2%
Helium
95.2%
Argon
95%
Mars
94.9%
Mercury
94.9%
Uranus
94.8%
Jupiter
94.8%
Saturn
94.8%
Venus
94.8%
Earth
94.8%
Neptune
94.8%
Neon
94.2%
Radon
93.6%
Xenon
93%
Diamond
92.8%
Mantle
92.8%
Plasma
92.2%
Calcite
92.2%
Quartz
92%
Topaz
91.6%
Species
90%
Class
89.9%
Kilogram
89.8%
% Correct
Family
89.8%
Meter
89.7%
Order
89.2%
Kingdom
89.1%
Genus
89%
Krypton
88.9%
Kelvin
88.7%
Fluorite
87.7%
Gypsum
87.7%
Talc
86.8%
Ampere
86.1%
Apatite
85.7%
Domain
83.9%
Phylum
82.1%
Mole
81.3%
Circle
80.4%
Down
80.1%
Up
80%
Top
79.9%
Bottom
79.1%
Parabola
78.8%
Hyperbola
78%
Ellipse
77.4%
Corundum
74%
Strange
70.4%
Second
70.2%
Charm
69.7%
Orthoclase Feldspar
68.7%
Candela
67.2%
Oganesson
53.9%

You're not logged in!

Compare scores with friends on all Sporcle quizzes.
OR
Log In

You Might Also Like...

Show Comments

Extras

Top Quizzes Today


Score Distribution

Your Account Isn't Verified!

In order to create a playlist on Sporcle, you need to verify the email address you used during registration. Go to your Sporcle Settings to finish the process.

Report this User

Report this user for behavior that violates our Community Guidelines.

Details: